Регионална библиотека "Любен Каравелов" - Русе

Единството като принцип и проява (Запис номер 507934)

MARC детайли
000 -Лидер
Лидер 01713nam a2200325 a 4500
003 - Код на организацията, давaща контролен номер
Код на организацията, даваща контролен номер BLK
005 - Дата и час на последна редакция
Дата и час на последна редакция 20250210141109.0
008 - Елементи от данни с фиксирана дължина
Елементи с фиксирана дължина 180407b bul|||||r ||||||| ||bul||
010 ## - Наследен системен номер
LC control number KNG00033923000
020 ## - Международен стандартен номер на книга ISBN
ISBN 9786197546859
040 ## - Източник на каталожния запис
Код на библиотеката BLK
041 ## - Код за език
Език Български
Език за КДБФ Български
080 ## - УДК
УДК текст Философски мистицизъм. Ранни езотерични школи. Кабала. Теософия. Антропософия. Суфизъм. Еклектизъм. Синкретизъм. Херметизъм. Розенкройцерство. Др. школи
УДК код 141.33
УДК – код + определител 141.33
080 ## - УДК
УДК текст Братства. Религиозни общества. Вж и 061.23;266;267;271
УДК код 255/256
9 (RLIN) 227450
УДК – код + определител 255/256
084 ## - Класификационен индекс по друга класификация
Авторски знак Дъ - Д 95
100 ## - Редна дума - Автор
Автор Дънов, Петър Константинов
Звания и думи, свързани с автора Беинса Дуно ; Учителя Беинса Дуно
Години, свързани с автора 1864-1944
Биография на автора Философ, създава Школата на Всемирното Бяло братство в България
R(LIN) 363384
245 10 - Сведения за заглавието
Заглавие Единството като принцип и проява
Подзаглавни данни Избрани мисли, резюмета на беседи, молитви, формули и упражнения
Авторска отговорност Петър Дънов
257 ## - Страна на издаване
Страна на създаване/издаване България
260 ## - Област на издателските данни
Име на издателя Дема прес
Година на издаване 2023
9 (RLIN) 390643
Място на издаване Русе
Печатница Дема прес ООД
300 ## - Физическа характеристика
Брой страници 320 с.
Размер 20 см
380 ## - Жанр
Жанр Философия
650 #4 - Допълнително описание по предмет – тема
Предметна рубрика Дъновизъм
9 (RLIN) 153927
653 ## - Ключова дума – ненормативна
Ключови думи порядък
9 (RLIN) 194225
852 ## - Местоположение
Отдел Хранилище
856 4# - Електронен адрес и достъп
Електронен формат pdf - файл
856 4# - Електронен адрес и достъп
Електронен формат pdf - файл
942 ## - АРТИКУЛИ
Вид на библиотечния документ Книги
Скрит в OPAC Не
Koha issues (borrowed), all copies 4
944 ## - СЪЗДАВАНЕ И РЕДАКЦИЯ на ЗАПИСА
Създаване/Редакция
Дата на регистрацията/редакция Моника Янева
Служител, извършил регистрацията/редакцията 30530
Номер на служител Минев Младен
999 ## - СИСТЕМНИ КОНТРОЛНИ НОМЕРА
Koha biblionumber 507934
Koha biblioitemnumber 507934
Наличности
Код за отписване Код за изгубен артикул Източник на класификационната схема Код за повреда Код за отдаване Артикулен № Име на библиотеката - собственик Име на библиотеката, в която се намира в момента Статус (Текущо местоположение) Дата на вписване в системата Местоположение - отдел Цена в лева Инвентарен номер Систематично азбучна сигнатура Баркод Цена в евро Служебен тип на артикула Коз за рестрикции
  Не е изгубен Universal Decimal Classification Не е повреден заемане за дома 942085 Регионална библиотека "Любен Каравелов" Русе Регионална библиотека "Любен Каравелов" Русе Заемна - подръчен фонд 2024-04-05 Заемна - подръчен фонд 17.00 120000901052 14/Д 95 П 120000901052 8.69 Книги  
  Не е изгубен Universal Decimal Classification Не е повреден ползва се в читалня 942086 Регионална библиотека "Любен Каравелов" Русе Регионална библиотека "Любен Каравелов" Русе Хранилище 2024-04-05 Основен фонд - ползва се само за читалня 17.00 120000901130 Цб 322433 120000901130 8.69 Книги само за читалня
Vip Innovations Ltd, Rousse, Bulgaria 2025